01709cam a2200349 a 45000010008000000030006000080050017000140080041000310100017000720200038000890350017001270400059001440410012002030420008002150490009002230500026002321000025002582450060002832460062003432460029004052600060004343000035004944900035005295000020005645200539005846500033011236500034011568300036011909420008012269520110012349990015013445906104CaAEU20250827102741.0120517s2012 maua 001 0 eng  a 2012019634 a9781422187104 (pbk. : alk. paper) aocn778420944 aDLCbengcDLCdBTCTAdBDXdYDXCPdOCLCOdBWXdBKLdAEU aEnglish apcc aUABA00aHF5718.22b.D817 2012 aDuarte, Nancy92170710aHBR guide to persuasive presentations c/ Nancy Duarte.3 aHarvard Business Review guide to persuasive presentations30aPersuasive presentations aBoston, Mass. :bHarvard Business Review Press,cc2012. axvii, 229 p. :bill. ;c23 cm.1 aHarvard Business review guides aIncludes index. aTerrified of speaking in front of a group? Or simply looking to polish your skills? No matter where you are on the spectrum, this guide will give you the confidence and the tools you need to get results. Written by presentation expert Nancy Duarte, the HBR Guide to Persuasive Presentations will help you: Win over tough crowds Organize a coherent narrative - Create powerful messages and visuals - Connect with and engage your audience - Show people why your ideas matter to them mejorar - Strike the right tone, in any situation. 0aBusiness presentations99125 0aPersuasion (Psychology)94289 0aHarvard Business review guides. 2lcc 00102lcc4070aTBSbTBSd2025-08-27l1oHF5718.22 DUApB06025r2026-04-21s2026-02-26t1w2025-08-27y1 c4876d4876